ՀՀ Գիտությունների ազգային ակադեմիայի հիմնարար գիտական գրադարան  =   Fundamental Scientific Library of NAS RA

Նոր կեանքի շէմքում : (Record no. 125387)

MARC details
000 -LEADER
fixed length control field 00654nam a2200181 u 4500
001 - CONTROL NUMBER
control field 000333590
003 - CONTROL NUMBER IDENTIFIER
control field AM-YeHGA
005 - DATE AND TIME OF LATEST TRANSACTION
control field 20250617130837.0
008 - FIXED-LENGTH DATA ELEMENTS--GENERAL INFORMATION
fixed length control field 040511s1904 ||| r 000 0 arm d
040 ## - CATALOGING SOURCE
Original cataloging agency AM-YeHGA
041 0# - LANGUAGE CODE
Language code of text/sound track or separate title arm
090 ## - LOCALLY ASSIGNED LC-TYPE CALL NUMBER (OCLC); LOCAL CALL NUMBER (RLIN)
-- 126745
245 00 - TITLE STATEMENT
Title Նոր կեանքի շէմքում :
Remainder of title Դրամատիկական էտիւդ գաւառական կեանքից : 4 գործ. /
Statement of responsibility, etc. Հեղ.՝ Ա. Ք.
260 ## - PUBLICATION, DISTRIBUTION, ETC.
Place of publication, distribution, etc. Թիֆլիս :
Name of publisher, distributor, etc. Հերմէս,
Date of publication, distribution, etc. 1904.
300 ## - PHYSICAL DESCRIPTION
Extent 150 էջ.
440 #0 - SERIES STATEMENT/ADDED ENTRY--TITLE
Title Հ. Առաքելեան հանրամատչելի մեսրոպեան գրադարան
Volume/sequential designation 10
650 14 - SUBJECT ADDED ENTRY--TOPICAL TERM
Topical term or geographic name entry element Հայ գրականություն
General subdivision Դրամա
Holdings
Withdrawn status Lost status Damaged status Not for loan Collection Home library Current library Date acquired Total checkouts Full call number Barcode Date last seen Price effective from Koha item type Public note
        General Fundamental Scientific Library Fundamental Scientific Library 22/12/2016   AII/30198 220030198 22/12/2016 22/12/2016 Գրքեր / Books 30 Days Loan
        General Fundamental Scientific Library Fundamental Scientific Library 22/12/2016   AII/66937 220066937 22/12/2016 22/12/2016 Գրքեր / Books 30 Days Loan


ՀՀ ԳԱԱ հիմնարար գիտական գրադարան
ՀՀ,Երևան 0019
Մարշալ Բաղրամյան 24/6
հեռախոս:(374-10) 52-47-50
Հետադարձ կապ

All site content, except where otherwise noted, is licensed under a
Creative Commons License